000 00515nam a2200169Ia 4500
999 _c6919
_d6919
003 OSt
005 20200129143127.0
008 190216s9999||||xx |||||||||||||| ||und||
020 _a8171417949
040 _coclc
082 _a634.98095413
_bMIS/M
100 _aMisra, Rabi N
_91629
245 0 _aMarketing Of Tribal Product /
_cRabi N Misra ; N Panda
260 _bDiscovery Publishing House,
_a Delhi:
_c2004.
300 _a233p
942 _cBK
_2ddc
_h634.98095413
_iMIS/M
_k634.98095413
_mMIS/M